| 000 | 00605nam a2200193Ia 4500 | ||
|---|---|---|---|
| 008 | 191130s2007##################000#0#eng## | ||
| 020 | _a9780071475549 | ||
| 040 |
_aACL _cACL |
||
| 082 | _a333.794 GIB | ||
| 100 | _aGibilisco, Stan | ||
| 245 |
_aAlternative energy demystified _cStan Gibilisco |
||
| 260 |
_aNew York _bMcGraw-Hill _cc2007 |
||
| 300 | _axii, 322 p. : ill. ; 23 cm | ||
| 500 | _aIncludes index. Includes bibliographical references (p. [311]-312) and index | ||
| 650 | _aRenewable energy sources | ||
| 990 | _a60dcc58cac10000c5639cba84fb6e4bc | ||
| 991 | _a429735 | ||
| 999 |
_c366575 _d366575 |
||